Online Catalogue and eLibrary

Ulaka mathankal oru tattuvap parvai (Record no. 842)

MARC details
000 -LEADER
fixed length control field 00441nam a2200157Ia 4500
005 - DATE AND TIME OF LATEST TRANSACTION
control field 20250410053646.0
008 - FIXED-LENGTH DATA ELEMENTS--GENERAL INFORMATION
fixed length control field 240331s9999 xx 000 0 und d
020 ## - INTERNATIONAL STANDARD BOOK NUMBER
ISBN 8123401191
082 ## - DDC Classification
Class No. 200.1
Item Number - Author Mark VIL
100 ## - MAIN ENTRY--PERSONAL NAME
Personal name Vildurent,
245 #0 - TITLE STATEMENT
Title Ulaka mathankal oru tattuvap parvai
260 ## - PUBLICATION, DISTRIBUTION, ETC.
Place of publication, distribution, etc. Chennai
Name of publisher, distributor, etc. Newcentury Book House Pvt Ltd
Date of publication, distribution, etc. 1992
300 ## - PHYSICAL DESCRIPTION
Extent (e.g. Volumes, Pages etc.) 200 p .,
500 ## - GENERAL NOTE
General note The Pleasures of Philosophy enum noolin tamil veliyidu
942 ## - Koha item type (Biblio)
Koha item type Books in Stacks (Lending)
Holdings
Lost status Damaged status Collection code Home library Current library Shelving location Date acquired Full call number Accession Number Item type
    Lending WERC Library WERC Library Social Science Cupboard 03/31/2024 200.1 VIL 3063 Books in Stacks (Lending)

© WERC Library